Statistics for 2017 All-NBA Teams

Click here to take the quiz!

General Stats

  • This quiz has been taken 48 times
  • The average score is 12 of 15

Answer Stats

Position Answer % Correct
GRussell Westbrook
98%
FLeBron James
98%
GStephen Curry
98%
GJames Harden
95%
CAnthony Davis
95%
FKevin Durant
95%
FDraymond Green
88%
GIsaiah Thomas
81%
FKawhi Leonard
79%
GJohn Wall
77%
GDeMar DeRozan
72%
CDeAndre Jordan
67%
FGiannis Antetokounmpo
65%
FJimmy Butler
63%
CRudy Gobert
51%

Score Distribution

Percentile by Number Answered

Percent of People with Each Score

Your Score History

You have not taken this quiz